|
|
|
|
| LEADER |
01440nam a2200313 a 4500 |
| 001 |
12016842 |
| 008 |
090702s1988 enk b 001 0 eng d |
| 010 |
|
|
|a 00042058
|
| 020 |
|
|
|a 0333428633 (pbk.)
|
| 040 |
|
|
|a DLC
|c DLC
|d DLC
|
| 082 |
0 |
0 |
|a 821/.709/071
|2 21
|
| 100 |
1 |
|
|a O'Flinn, Paul.
|
| 245 |
1 |
0 |
|a How to study Romantic poetry /
|c Paul O'Flinn.
|
| 260 |
|
|
|a New York :
|b St. Martin's Press, ;
|a London :MacMillan,
|c 1988.
|
| 300 |
|
|
|a ix, 131 p. ;
|c 22 cm.
|
| 490 |
1 |
|
|a Study guides
|
| 504 |
|
|
|a Includes bibliographical references (p. [127]-131) and index.
|
| 541 |
1 |
|
|e 00012210
|
| 650 |
|
0 |
|a English poetry
|y 19th century
|x Examinations
|v Study guides.
|
| 650 |
|
0 |
|a English poetry
|y 19th century
|x Outlines, syllabi, etc.
|
| 650 |
|
0 |
|a Romanticism
|z England
|x Examinations
|v Study guides.
|
| 650 |
|
0 |
|a Romanticism
|z England
|v Outlines, syllabi, etc.
|
| 600 |
1 |
0 |
|a Coleridge, Samuel Taylor,
|d 1772-1834
|x Examinations
|v Study guides.
|
| 600 |
1 |
0 |
|a Wordsworth, William,
|d 1770-1850
|x Examinations
|v Study guides.
|
| 600 |
1 |
0 |
|a Blake, William,
|d 1757-1827
|x Examinations
|v Study guides.
|
| 600 |
1 |
0 |
|a Keats, John,
|d 1795-1821
|x Examinations
|v Study guides.
|
| 852 |
4 |
|
|a Ayesha Abed Library
|j General shelf
|
| 999 |
|
|
|c 1964
|d 1964
|
| 952 |
|
|
|0 0
|1 0
|2 ddc
|4 1
|6 821_709071000000000_OFL
|7 0
|9 1803
|a BRACUL
|b BRACUL
|c SPS
|d 2009-07-02
|g 0.00
|l 6
|m 33
|o 821.709071 OFL
|p 3010012210
|r 2017-12-12
|s 2017-09-17
|t 1
|w 2009-07-02
|y BK
|x No price found in the accession register.
|